| 000 | 00647nam a2200169 a 4500 | ||
|---|---|---|---|
| 001 | 000043381 | ||
| 005 | 20201002040849.0 | ||
| 008 | 140312s1984 sp 000 0 spa d | ||
| 040 |
_aDO-SdBNP _bspa _cBNPHU |
||
| 082 |
_axxx _bxxx |
||
| 100 | 1 |
_aSánchez, Francisco _971039 |
|
| 245 | 1 | 0 |
_aQuod nihil scitur / _cFrancisco Sánchez ; edición y traducción de S. Rabade, J. M. Artola y M. F. Pérez. |
| 260 |
_aMadrid : _bConsejo Superior de Investigaciones Científicas, _bInstituto de Filosofía "Luis Vives", _c1984. |
||
| 300 |
_a261 p. ; _c24 cm. |
||
| 700 | 1 | 2 |
_aArtola, José María _eed _971040 |
| 700 | 1 | 2 |
_aPérez López, M. Francisco _etr. _971041 |
| 999 |
_c42870 _d42870 |
||